|
|
|
|
| LEADER |
01283nam a2200277 a 4500 |
| 001 |
00319915 |
| 003 |
GR-PaULI |
| 008 |
081016s1999 gr g b 001 0 eng d |
| 020 |
|
|
|a 0805344233
|
| 040 |
|
|
|a GrPaTEI
|b gre
|c GR-PaULI
|
| 041 |
0 |
|
|a eng
|
| 082 |
|
0 |
|a 530.141
|2 22
|
| 100 |
1 |
|
|a Inan, Umran S.
|
| 245 |
1 |
0 |
|a Engineering electromagnetics /
|c Umran S. Inan, Aziz S. Inan.
|
| 260 |
|
|
|a Menlo Park, Calif. :
|b Addison-Wesley,
|c c1999
|
| 300 |
|
|
|a xx, 776, 28 σ. :
|b εικ. ;
|c 24 εκ.
|
| 504 |
|
|
|a Περιλαμβάνει βιβλιογραφικές παραπομπές και ευρετήριο.
|
| 650 |
|
0 |
|a Electromagnetic theory
|
| 650 |
|
7 |
|a Ηλεκτρομαγνητική θεωρία
|2 nlgaf
|
| 650 |
|
7 |
|a Ηλεκτρομαγνητισμός
|2 nlgaf
|
| 700 |
1 |
|
|a Inan, Aziz S.
|
| 942 |
|
|
|2 ddc
|
| 952 |
|
|
|0 0
|1 0
|2 ddc
|4 0
|6 530_141000000000000_INA
|7 0
|9 250837
|a LISK-2
|b LISK-2
|c BSC
|d 2021-01-17
|e 24
|f 0
|g 0.00
|l 0
|o 530.141 INA
|p 99243000008858
|r 2021-01-17 00:00:00
|t 1
|w 2021-01-17
|y BK15
|x GrPaTEI - Antirrio
|
| 952 |
|
|
|0 0
|1 0
|2 ddc
|4 0
|6 530_141000000000000_INA
|7 0
|9 250838
|a LISK-2
|b LISK-2
|c BSC
|d 2021-01-17
|e 24
|f 0
|g 0.00
|l 0
|o 530.141 INA
|p 99243000008859
|r 2021-01-17 00:00:00
|t 1
|w 2021-01-17
|y BK15
|x GrPaTEI - Antirrio
|
| 971 |
|
|
|a .b13617126
|b 25-09-20
|c 29-08-15
|
| 999 |
|
|
|c 148866
|d 148866
|